| 000 | 00446nam a2200133 a 4500 | ||
|---|---|---|---|
| 001 | 000030947 | ||
| 005 | 20200930062615.0 | ||
| 008 | 110608s1978 dr 000 0 spa d | ||
| 040 |
_aDO-SdBNP _bspa _cBNPHU |
||
| 245 | 0 | 0 |
_aExposición de santos de palo dominicanos : _bcatálogo / _cSala de Exposiciones, Museo del Hombre Dominicano. |
| 260 |
_aSanto Dominingo, : _bMuseo del Hombre Dominicano, _c1978. |
||
| 300 |
_a17 p. ; _c21 cm. |
||
| 049 | _aBNPD | ||
| 999 |
_c30439 _d30439 |
||